00577nam a2200169Ia 4500008004100000020001500041041000800056082002000064100001800084245007500102250000600177260003700183300000800220650003100228999001900259952012900278210716s2006 xx 000 0 und d a8180520943 aeng a658.312404 DEBT aDeb, Tapomoy. aHuman resource development: theory and practice.bTheory and practice. a1 aNew DelhibAne Books Indiac2006 a549 aHuman Resource Development c201775d201775 001040708MBAaAIMITbAIMITd2007-03-15g295.00l0o658.312404 DEBTpMBA04341r2026-05-23 00:00:00v236.00w2021-07-16yBK